Jedna z tych rzeczy nie pasuje do pozostałych - Statystyki

Ogólne statystyki
  • Ten quiz został rozwiązany 4 686 razy
    1 777 od ostatniego zresetowania
  • Średni wynik to 9 z 20
Statystyki odpowiedzi
Zagadnienie Odpowiedź % Poprawnych
Miasta Zurych
80%
Organizmy Żywe Ukwiał
76%
Chemia Bor
73%
Sztuka Tworzenie Świata
73%
Kraje Gwinea Bissau
69%
Monarchia w Polsce Stefan Batory
69%
Podział Administracyjny Richmond
65%
Kraje Togo
63%
Pieśni Najwspanialsza na Świecie
45%
Filozofia Cyceron
41%
Astronomia Syriusz
37%
Biologia AIDS
35%
Matematyka Prostopadłościan
35%
Muzyka Popularna Let it Be
33%
Historia Bitwa pod Verdun
31%
Geografia Kilimandżaro
31%
Film To nie Jest Kraj dla Starych Ludzi
25%
Rozrywka Elektroniczna GameGear
24%
Grupy Etniczne Rumuni
20%
Motoryzacja Ford
18%
Nie znaleziono quizów pasujących do podanych kryteriów
Rozkład punktacji
Procent ludzi z każdym wynikiem
Percentyl według liczby udzielonych odpowiedzi
Twoja historia wyników
Nie rozwiązałeś tego quizu od ostatniego zresetowania